书目信息 |
| 题名: |
科学技术百科全书
|
|
| 作者: | 拉佩兹 主编 | |
| 分册: | 第十五卷 | |
| 出版信息: | 北京 科学出版社 1982.3 |
|
| 页数: | 376页 | |
| 开本: | 26cm | |
| 丛书名: | ||
| 单 册: | ||
| 中图分类: | N61 | |
| 科图分类: | ||
| 主题词: | ||
| 电子资源: | ||
| ISBN: | ||
| 000 | 00513nam0 2200181 45 | |
| 001 | 0181011658 | |
| 005 | 20061119100436.04 | |
| 010 | @b精装@dCNY9.60 | |
| 100 | @a20810111d km y0chiy0120 ea | |
| 101 | 0 | @achi |
| 105 | @a z 000yy | |
| 200 | 1 | @Ake xue ji shu bai ke quan shu@Fla pei zi@a科学技术百科全书@h第十五卷@f拉佩兹主编@e生物物理学 |
| 210 | @a北京@c科学出版社@d1982.3 | |
| 215 | @c@a376页@d26cm | |
| 690 | @aN61 | |
| 701 | 0 | @a拉佩兹@4主编 |
| 801 | @aCN@bTSTC@c20061119 | |
| 905 | @dN61@e1:15@f1@b158149 | |
| 科学技术百科全书.第十五卷/拉佩兹主编:生物物理学.-北京:科学出版社,1982.3 |
| 376页;26cm |
| ISBN (精装):CNY9.60 |
| ● |
| 相关链接 |
|
|
|
|
正题名:科学技术百科全书
索取号:N61/1:15
 
预约/预借
| 序号 | 登录号 | 条形码 | 馆藏地/架位号 | 状态 | 备注 |
| 1 | 0158149 | 202088454 | 第二样本阅览室/ [索取号:N61/1:15] | 在馆 |